Statistiques concernant Pays avec le plus de Juifs

Cliquez ici pour prendre le quiz!

Statistiques générales

  • Ce quiz a été pris 2 797 fois
    (1 620 depuis la dernière actualisation)
  • Le résultat moyen est 13 sur 18

Statistiques - réponses

Population juivePays% Correct
448 000France
98%
6 640 600Israël
98%
5 700 000États-Unis
96%
118 000Allemagne
91%
155 000Russie
85%
393 000Canada
81%
292 000Royaume-Uni
80%
27 300Italie
79%
92 000Brésil
71%
179 500Argentine
68%
29 000Belgique
68%
40 000Mexique
66%
29 800Pays-Bas
57%
45 000Ukraine
57%
118 000Australie
55%
432 800Jordanie (Cisjordanie)
36%
47 200Hongrie
35%
52 300Afrique du Sud
30%

Distribution des résultats

Percentile par nombre de réponses

% des personnes avec chaque résultat

Votre développement - résultats

Vous n’avez pas pris ce quiz depuis la dernière actualisation